000 00716nam a2200181Ia 4500
008 100920s9999 xx 000 0 und d
082 _b80361
_a891.43 न 00
100 _aमंत्री गणेश / मंत्री उषा.
245 _aपत्रकारिता की चुनैतियाँ.
260 _bसत्ससाहित्य प्रकाशन, दिल्ली.
_c2000
300 _a125
_bसाधी
365 _b125
520 _aहिंदी.
630 _aपत्रकारिता की चुनैतियाँ.
650 _aहिंदी.
730 _aपत्रकारिता की चुनैतियाँ.
942 _cBOOK
999 _c721267
_d721264